Sijoita aakkonen maan nimeen - Statistics

Yleistilastot
  • Tätä visaa on pelattu 3 866 kertaa
  • Keskiarvotulos 19 / 26
Vastaustilastot
Hint Vastaus % Oikein
Aiti H
83%
Luemburg X
83%
Aganistan
F
81%
Bangadesh L
81%
Enia K
80%
Hile C
79%
Atar Q
79%
Alania B
78%
Suan D
78%
Uola P
78%
Botwana S
78%
Naru U
78%
Gutemala A
77%
Emen J
76%
Siera Leone R
76%
Oan M
74%
Kirbati I
73%
Seychllit E
71%
Too G
70%
Iro V
70%
Liba Y
70%
Belie Z
70%
Malai W
66%
Itia N
65%
Sama O
62%
Saint Kits ja Nevis T
61%
Ehtoja vastaavia visoja ei löytynyt
Tulosjakauma
Jokaisen tuloksen saaneiden osuus
Persentiili vastausten määrän mukaan
Tuloshistoriasi
Et ole pelannut tätä visaa